Introduction to numerical analysis using MATLAB / (رقم التسجيلة. 30438)

تفاصيل مارك
000 -الفاتح
حقل البيانات ثابتة الطول 00835cam a2200253 a 4500
001 - رقم الضبط
رقم الضبط 14842593
003 - محدد رقم الضبط
رقم الضبط OSt
005 - وقت وتاريخ اخر تعامل مع التسجيلة
رقم الضبط 20150408114137.0
008 - عناصر البيانات ثابتة الطول - معلومات عامة
حقل البيانات ثابتة الطول 070508s2010 maua b 001 0 eng
010 ## - رقم ضبط مكتبة الكونجرس
رقم ضبط مكتبة الكونجرس 2007019296
020 ## - الرقم الدولى المعيارى للكتب
الرقم الدولى المعيارى للكتاب 9781934015230 (hardcover with CD-ROM : alk. paper)
040 ## - مصدر الفهرسة
وكالة الفهرسة الأصلية Ma-Un
050 00 - رقم طلب مكتبة الكونجرس
رقم التصنيف QA297
رقم المادة .B88 2010
082 00 - رقم تصنيف ديوى العشرى
رقم التصنيف 518
رقم الطبعة 22
100 1# - المدخل الرئيسى - إسم شخصى
الإسم الشخصى Butt, Rizwan.
9 (RLIN) 36618
245 10 - بيان العنوان
العنوان Introduction to numerical analysis using MATLAB /
بيان المسئوليه,etc Rizwan Butt.
260 ## - PUBLICATION, DISTRIBUTION, ETC. (IMPRINT)
مكان الناشر او الموزع Sudbury, Mass. :
اسم الناشر او الموزع Jones and Bartlett Publishers,
تاريخ النشر أو التوزيع c2010.
300 ## - الوصف المادى
التعداد xv, 814 p. :
تفاصيل ماديه اخرى للوعاء ill. ;
أبعاد الوعاء 25 cm. +
المادة المصاحبة 1CD-ROM (4 3/4 in.).
490 0# - بيان السلسلة
عنوان السلسلة Mathematics series
504 ## - تبصرة ببليوجرافية
تبصرة ببليوجرافية,الخ Includes bibliographical references (p. 801-808) and index.
630 00 - المدخل الاضافى بالموضوع - عنوان موحد
عنوان موحد MATLAB.
9 (RLIN) 4913
650 #0 - المدخل الاضافى بالموضوع-مصطلح موضوعى
مصطلح موضوعي أو اسم جغرافي كعنصر مدخل Numerical analysis
التقسيم الفرعي العام Data processing.
9 (RLIN) 4567
942 ## - عناصر المدخل الإضافي( كوها)
مصدر التصنيف او مخطط الترفيف Dewey Decimal Classification
Koha [default] item type كتاب
المقتنيات
حالة الفقد نموذج السعر الفعال حالة تلف ليس للاعارة رقم الطلب رقم النسخة تاريخ الاكتساب الموقع الحالي الباركود الفرع الرئيسي Total Renewals Date last checked out Date last seen مُعار نوع المادة فى نظام كوها مصدر التصنيف او خطة الترفيف Total Checkouts
  2013-08-23     518 BRI 1 2013-08-23 المكتبة المركزية بالمجمعة (CL) 00450639 المكتبة المركزية بالمجمعة (CL) 2 2015-08-16 2017-02-28   كتاب Dewey Decimal Classification 3
  2013-08-23     518 BRI 2 2013-08-23 المكتبة المركزية بالمجمعة (CL) 00450638 المكتبة المركزية بالمجمعة (CL)   2019-02-20 2022-06-08   كتاب Dewey Decimal Classification 2
  2013-08-23   Not For Loan 518 BRI 3 2013-08-23 المكتبة المركزية بالمجمعة (CL) 00450637 المكتبة المركزية بالمجمعة (CL)     2013-08-23   كتاب Dewey Decimal Classification  
  2013-08-19     518 BRI 1 2013-08-19 مكتبة مجمع الكليات بالزلفى - طلاب (SZM) 00450642 مكتبة مجمع الكليات بالزلفى - طلاب (SZM) 2 2019-10-29 2019-10-29 2020-01-27 كتاب Dewey Decimal Classification 4
  2013-08-19     518 BRI 2 2013-08-19 مكتبة مجمع الكليات بالزلفى - طلاب (SZM) 00450641 مكتبة مجمع الكليات بالزلفى - طلاب (SZM)   2019-09-10 2021-02-07   كتاب Dewey Decimal Classification 4
  2013-08-19   Not For Loan 518 BRI 3 2013-08-19 مكتبة مجمع الكليات بالزلفى - طلاب (SZM) 00450640 مكتبة مجمع الكليات بالزلفى - طلاب (SZM)     2013-08-19   كتاب Dewey Decimal Classification